| 000 | 00590 a2200181 4500 | ||
|---|---|---|---|
| 020 | _a003058969X | ||
| 090 |
_c6308 _d6308 |
||
| 100 | 1 | 0 | _aLathi, B. P |
| 245 | 1 | 0 |
_aModern digital and analog communication systems _c/ B.P. Lathi. |
| 260 | 0 |
_aNew York _b: Holt, Rinehart, and Winston _c, c1983. |
|
| 300 |
_axii, 708 p. _b: ill. _c; 24 cm. |
||
| 440 | 0 | _aHRW series in electrical and computer engineering. | |
| 500 | _aIncludes index. | ||
| 650 | 0 | _aTelecommunication systems. | |
| 650 | 0 | _aDigital communications. | |
| 650 | 0 | _aStatistical communication theory. | |
| 942 |
_cBK _k621.382 LAT |
||
| 999 |
_c10140 _d10140 |
||